Top 500 Football Transfer Records - Statistics

General Stats
  • This quiz has been taken 5,248 times
    1,672 since last reset
  • The average score is 209 of 500
Answer Stats
Rank Name Joined Left Season Fee % Correct
2 Kylian Mbappé Paris Saint-Germain AS Monaco 18/19 €180.00m
98%
1 Neymar Paris Saint-Germain FC Barcelona 17/18 €222.00m
98%
26 Neymar Al-Hilal SFC Paris Saint-Germain 23/24 €90.00m
98%
28 Neymar FC Barcelona Santos FC 13/14 €88.00m
98%
13 Cristiano Ronaldo Juventus FC Real Madrid 18/19 €117.00m
97%
24 Cristiano Ronaldo Real Madrid Manchester United 09/10 €94.00m
97%
220 Ronaldo Real Madrid Inter Milan 02/03 €45.00m
96%
4 Alexander Isak Liverpool FC Newcastle United 25/26 €145.00m
93%
69 Alexander Isak Newcastle United Real Sociedad 22/23 €70.00m
93%
3 Ousmane Dembélé FC Barcelona Borussia Dortmund 17/18 €148.00m
92%
168 Ousmane Dembélé Paris Saint-Germain FC Barcelona 23/24 €50.00m
92%
416 Ousmane Dembélé Borussia Dortmund Stade Rennais FC 16/17 €35.00m
92%
11 Antoine Griezmann FC Barcelona Atlético de Madrid 19/20 €120.00m
91%
144 Antoine Griezmann Atlético de Madrid Real Sociedad 14/15 €54.00m
91%
8 Florian Wirtz Liverpool FC Bayer 04 Leverkusen 25/26 €125.00m
91%
7 Jude Bellingham Real Madrid Borussia Dortmund 23/24 €127.00m
91%
5 Philippe Coutinho FC Barcelona Liverpool FC 17/18 €135.00m
91%
21 Harry Kane Bayern Munich Tottenham Hotspur 23/24 €95.00m
90%
18 Gareth Bale Real Madrid Tottenham Hotspur 13/14 €101.00m
89%
14 Declan Rice Arsenal FC West Ham United 23/24 €116.60m
87%
10 Eden Hazard Real Madrid Chelsea FC 19/20 €120.80m
86%
420 Eden Hazard Chelsea FC LOSC Lille 12/13 €35.00m
86%
6 João Félix Atlético de Madrid SL Benfica 19/20 €127.20m
86%
154 João Félix Chelsea FC Atlético de Madrid 24/25 €52.00m
86%
9 Enzo Fernández Chelsea FC SL Benfica 22/23 €121.00m
85%
229 Enzo Fernández SL Benfica CA River Plate 22/23 €44.25m
85%
12 Jack Grealish Manchester City Aston Villa 21/22 €117.50m
85%
17 Paul Pogba Manchester United Juventus FC 16/17 €105.00m
85%
16 Romelu Lukaku Chelsea FC Inter Milan 21/22 €113.00m
83%
35 Romelu Lukaku Manchester United Everton FC 17/18 €84.70m
83%
59 Romelu Lukaku Inter Milan Manchester United 19/20 €74.00m
83%
379 Romelu Lukaku Everton FC Chelsea FC 14/15 €35.36m
83%
36 Virgil van Dijk Liverpool FC Southampton FC 17/18 €84.65m
83%
84 Bruno Fernandes Manchester United Sporting CP 19/20 €65.00m
82%
20 Hugo Ekitiké Liverpool FC Eintracht Frankfurt 25/26 €95.00m
82%
485 Hugo Ekitiké Eintracht Frankfurt Paris Saint-Germain 24/25 €31.50m
82%
38 Luis Suárez FC Barcelona Liverpool FC 14/15 €81.72m
82%
30 Frenkie de Jong FC Barcelona Ajax Amsterdam 19/20 €86.00m
81%
31 Matthijs de Ligt Juventus FC Ajax Amsterdam 19/20 €85.50m
81%
77 Matthijs de Ligt Bayern Munich Juventus FC 22/23 €67.00m
81%
205 Matthijs de Ligt Manchester United Bayern Munich 24/25 €45.00m
81%
19 Kai Havertz Chelsea FC Bayer 04 Leverkusen 20/21 €100.00m
80%
55 Kai Havertz Arsenal FC Chelsea FC 23/24 €75.00m
80%
15 Moisés Caicedo Chelsea FC Brighton & Hove Albion 23/24 €116.00m
79%
64 Luis Díaz Bayern Munich Liverpool FC 25/26 €70.00m
78%
182 Luis Díaz Liverpool FC FC Porto 21/22 €49.00m
78%
62 Rúben Dias Manchester City SL Benfica 20/21 €71.60m
78%
29 Harry Maguire Manchester United Leicester City 19/20 €87.00m
77%
50 Kevie De Bruyne Manchester City VfL Wolfsburg 15/16 €76.00m
76%
47 Zinédine Zidane Real Madrid Juventus FC 01/02 €77.50m
75%
23 Antony Manchester United Ajax Amsterdam 22/23 €95.00m
74%
60 Alisson Liverpool FC AS Roma 18/19 €72.50m
73%
33 Darwin Núñez Liverpool FC SL Benfica 22/23 €85.00m
73%
145 Darwin Núñez Al-Hilal SFC Liverpool FC 25/26 €53.00m
73%
432 Darwin Núñez SL Benfica UD Almería 20/21 €34.00m
73%
25 Josko Gvardiol Manchester City RB Leipzig 23/24 €90.00m
73%
358 Josko Gvardiol RB Leipzig GNK Dinamo Zagreb 21/22 €36.80m
73%
71 Zlatan Ibrahimović FC Barcelona Inter Milan 09/10 €69.50m
73%
34 Jadon Sancho Manchester United Borussia Dortmund 21/22 €85.00m
72%
53 Julián Álvarez Atlético de Madrid Manchester City 24/25 €75.00m
72%
257 Mohamed Salah Liverpool FC AS Roma 17/18 €42.00m
72%
326 Edson Álvarez West Ham United Ajax Amsterdam 23/24 €38.00m
71%
111 Erling Haaland Manchester City Borussia Dortmund 22/23 €60.00m
71%
32 Nick Woltemade Newcastle United VfB Stuttgart 25/26 €85.00m
71%
70 Rodri Manchester City Atlético de Madrid 19/20 €70.00m
71%
45 Victor Osimhen SSC Napoli LOSC Lille 20/21 €78.90m
71%
51 Victor Osimhen Galatasaray SSC Napoli 25/26 €75.00m
71%
52 Bryan Mbeumo Manchester United Brentford FC 25/26 €75.00m
70%
27 Gonzalo Higuaín Juventus FC SSC Napoli 16/17 €90.00m
70%
321 Gonzalo Higuaín SSC Napoli Real Madrid 13/14 €39.00m
70%
43 Nicolas Pépé Arsenal FC LOSC Lille 19/20 €80.00m
70%
63 Casemiro Manchester United Real Madrid 22/23 €70.65m
69%
75 Riyad Mahrez Manchester City Leicester City 18/19 €67.80m
69%
392 Riyad Mahrez Al-Ahli SFC Manchester City 23/24 €35.00m
69%
22 Randal Kolo Muani Paris Saint-Germain Eintracht Frankfurt 23/24 €95.00m
68%
41 Aurélien Tchouaméni Real Madrid AS Monaco 22/23 €80.00m
67%
72 Eberechi Eze Arsenal FC Crystal Palace 25/26 €69.30m
67%
58 Matheus Cunha Manchester United Wolverhampton Wanderers 25/26 €74.20m
67%
169 Matheus Cunha Wolverhampton Wanderers Atlético de Madrid 23/24 €50.00m
67%
400 Matheus Cunha Atlético de Madrid Hertha BSC 21/22 €35.00m
67%
270 Sadio Mané Liverpool FC Southampton FC 16/17 €41.20m
67%
462 Sadio Mané Bayern Munich Liverpool FC 22/23 €32.00m
67%
261 Thiago Silva Paris Saint-Germain AC Milan 12/13 €42.00m
67%
80 Viktor Gyökeres Arsenal FC Sporting CP 25/26 €65.76m
67%
333 André Silva AC Milan FC Porto 17/18 €38.00m
66%
57 Ángel Di María Manchester United Real Madrid 14/15 €75.00m
66%
96 Ángel Di María Paris Saint-Germain Manchester United 15/16 €63.00m
66%
448 Ángel Di María Real Madrid SL Benfica 10/11 €33.00m
66%
49 Benjamin Sesko Manchester United RB Leipzig 25/26 €76.50m
66%
482 Benjamin Sesko RB Leipzig Red Bull Salzburg 23/24 €31.65m
66%
176 Bernaldo Silva Manchester City AS Monaco 17/18 €50.00m
66%
296 Fábio Silva Wolverhampton Wanderers FC Porto 20/21 €40.00m
66%
56 James Rodríguez Real Madrid AS Monaco 14/15 €75.00m
66%
219 James Rodríguez AS Monaco FC Porto 13/14 €45.00m
66%
78 Kaká Real Madrid AC Milan 09/10 €67.00m
66%
44 Kepa Arrizabalaga Chelsea FC Athletic Bilbao 18/19 €80.00m
65%
68 Mykhaylo Mudryk Chelsea FC Shakhtar Donetsk 22/23 €70.00m
65%
372 N'Golo Kanté Chelsea FC Leicester City 16/17 €35.80m
65%
42 Lucas Hernández Bayern Munich Atlético de Madrid 19/20 €80.00m
64%
207 Lucas Hernández Paris Saint-Germain Bayern Munich 23/24 €45.00m
64%
65 Martín Zubimendi Arsenal FC Real Sociedad 25/26 €70.00m
63%
54 Omar Marmoush Manchester City Eintracht Frankfurt 24/25 €75.00m
63%
93 Raheem Sterling Manchester City Liverpool FC 15/16 €63.70m
63%
132 Raheem Sterling Chelsea FC Manchester City 22/23 €56.20m
63%
123 Fernando Torres Chelsea FC Liverpool FC 10/11 €58.50m
62%
338 Fernando Torres Liverpool FC Atlético de Madrid 07/08 €38.00m
62%
142 Ferran Torres FC Barcelona Manchester City 21/22 €55.00m
62%
439 Ferran Torres Manchester City Valencia CF 20/21 €33.50m
62%
83 Gonçalo Ramos Paris Saint-Germain SL Benfica 23/24 €65.00m
62%
446 Pau Torres Aston Villa Villarreal CF 23/24 €33.00m
62%
67 Dominik Szoboszlai Liverpool FC RB Leipzig 23/24 €70.00m
61%
365 Dominik Szoboszlai RB Leipzig Red Bull Salzburg 20/21 €36.00m
61%
37 Dušan Vlahović Juventus FC ACF Fiorentina 21/22 €83.50m
61%
82 Xavi Simons Tottenham Hotspur RB Leipzig 25/26 €65.00m
61%
163 Xavi Simons RB Leipzig Paris Saint-Germain 24/25 €50.00m
61%
91 Pierre-Emerick Aubameyang Arsenal FC Borussia Dortmund 17/18 €63.75m
60%
46 Rasmus Højlund Manchester United Atalanta BC 23/24 €77.80m
60%
471 Iñigo Martínez Athletic Bilbao Real Sociedad 17/18 €32.00m
59%
260 Jackson Martínez Guangzhou FC Atlético de Madrid 15/16 €42.00m
59%
417 Jackson Martínez Atlético de Madrid FC Porto 15/16 €35.00m
59%
309 Javi Martínez Bayern Munich Athletic Bilbao 12/13 €40.00m
59%
92 João Pedro Chelsea FC Brighton & Hove Albion 25/26 €63.70m
59%
429 João Pedro Brighton & Hove Albion Watford FC 23/24 €34.20m
59%
66 Khvicha Kvaratskhelia Paris Saint-Germain SSC Napoli 24/25 €70.00m
59%
129 Lisandro Martínez Manchester United Ajax Amsterdam 22/23 €57.37m
59%
117 Luís Figo Real Madrid FC Barcelona 00/01 €60.00m
59%
76 Mason Mount Manchester United Chelsea FC 23/24 €67.70m
59%
211 Robert Lewandowski FC Barcelona Bayern Munich 22/23 €45.00m
59%
74 Achraf Hakimi Paris Saint-Germain Inter Milan 21/22 €68.00m
58%
237 Achraf Hakimi Inter Milan Real Madrid 20/21 €43.00m
58%
87 Edinson Cavani Paris Saint-Germain SSC Napoli 13/14 €64.50m
58%
118 João Neves Paris Saint-Germain SL Benfica 24/25 €59.92m
58%
264 Vitinha Paris Saint-Germain FC Porto 22/23 €41.50m
58%
463 Vitinha Olympique Marseille SC Braga 22/23 €32.00m
58%
48 Jhon Durán Al-Nassr FC Aston Villa 24/25 €77.00m
57%
140 Rúben Neves Al-Hilal SFC Wolverhampton Wanderers 23/24 €55.00m
57%
156 Leroy Sané Manchester City FC Schalke 04 16/17 €52.00m
56%
183 Leroy Sané Bayern Munich Manchester City 20/21 €49.00m
56%
146 Michel Olise Bayern Munich Crystal Palace 24/25 €53.00m
56%
216 Vinicius Junior Real Madrid CR Flamengo 18/19 €45.00m
56%
246 Alexis Sánchez Arsenal FC FC Barcelona 14/15 €42.50m
55%
433 Alexis Sánchez Manchester United Arsenal FC 17/18 €34.00m
55%
258 Davinson Sánchez Tottenham Hotspur Ajax Amsterdam 17/18 €42.00m
55%
419 Luka Modric Real Madrid Tottenham Hotspur 12/13 €35.00m
55%
81 Marc Cucurella Chelsea FC Brighton & Hove Albion 22/23 €65.30m
55%
115 Oscar Shanghai Port Chelsea FC 16/17 €60.00m
55%
478 Oscar Chelsea FC Sport Club Internacional 12/13 €32.00m
55%
126 Raphinha FC Barcelona Leeds United 22/23 €58.00m
54%
119 Amadou Onana Aston Villa Everton FC 24/25 €59.35m
53%
315 Amadou Onana Everton FC LOSC Lille 22/23 €39.87m
53%
160 André Onana Manchester United Inter Milan 23/24 €50.20m
53%
212 Rodrygo Real Madrid Santos FC 19/20 €45.00m
53%
40 Wesley Fofana Chelsea FC Leicester City 22/23 €80.40m
53%
402 Wesley Fofana Leicester City AS Saint-Étienne 20/21 €35.00m
53%
86 Aymeric Laporte Manchester City Athletic Bilbao 17/18 €65.00m
52%
97 Dean Huijsen Real Madrid AFC Bournemouth 25/26 €62.50m
52%
152 Gabriel Jesus Arsenal FC Manchester City 22/23 €52.20m
52%
473 Gabriel Jesus Manchester City Sociedade Esportiva Palmeiras 16/17 €32.00m
52%
294 Ibrahima Konaté Liverpool FC RB Leipzig 21/22 €40.00m
52%
85 Joaõ Cancelo Manchester City Juventus FC 19/20 €65.00m
52%
279 Joaõ Cancelo Juventus FC Valencia CF 18/19 €40.40m
52%
189 Cole Palmer Chelsea FC Manchester City 23/24 €47.00m
51%
422 Karim Benzema Real Madrid Olympique Lyon 09/10 €35.00m
51%
406 Thibaut Courtois Real Madrid Chelsea FC 18/19 €35.00m
51%
147 Timo Werner Chelsea FC RB Leipzig 20/21 €53.00m
51%
79 Álvaro Morata Chelsea FC Real Madrid 17/18 €66.00m
50%
401 Álvaro Morata Atlético de Madrid Chelsea FC 20/21 €35.00m
50%
128 Benjamin Mendy Manchester City AS Monaco 17/18 €57.50m
50%
184 Ferland Mendy Real Madrid Olympique Lyon 19/20 €48.00m
50%
280 Jeremie Frimpong Liverpool FC Bayer 04 Leverkusen 25/26 €40.00m
50%
110 Jérémy Doku Manchester City Stade Rennais FC 23/24 €60.00m
50%
136 John Stones Manchester City Everton FC 16/17 €55.60m
50%
150 Kyle Walker Manchester City Tottenham Hotspur 17/18 €52.70m
50%
231 Mateus Fernandes West Ham United Southampton FC 25/26 €44.00m
50%
167 Min-jae Kim Bayern Munich SSC Napoli 23/24 €50.00m
50%
112 Miralem Pjanic FC Barcelona Juventus FC 20/21 €60.00m
50%
475 Miralem Pjanic Juventus FC AS Roma 16/17 €32.00m
50%
252 Alexis Mac Allister Liverpool FC Brighton & Hove Albion 23/24 €42.00m
49%
157 Douglas Luiz Juventus FC Aston Villa 24/25 €51.50m
49%
303 Ederson Manchester City SL Benfica 17/18 €40.00m
49%
149 Gianluigi Buffon Juventus FC Parma Calcio 1913 01/02 €52.88m
49%
328 Nuno Mendes Paris Saint-Germain Sporting CP 22/23 €38.00m
49%
148 Alexandre Lacazette Arsenal FC Olympique Lyon 17/18 €53.00m
48%
179 David Luiz Paris Saint-Germain Chelsea FC 14/15 €49.50m
48%
413 David Luiz Chelsea FC Paris Saint-Germain 16/17 €35.00m
48%
114 Diego Costa Atlético de Madrid Chelsea FC 17/18 €60.00m
48%
336 Diego Costa Chelsea FC Atlético de Madrid 14/15 €38.00m
48%
88 Dominic Solanke Tottenham Hotspur AFC Bournemouth 24/25 €64.30m
48%
298 Douglas Costa Juventus FC Bayern Munich 18/19 €40.00m
48%
135 Hulk Shanghai Port Zenit St. Petersburg 16/17 €56.00m
48%
307 Hulk Zenit St. Petersburg FC Porto 12/13 €40.00m
48%
190 Mesut Özil Arsenal FC Real Madrid 13/14 €47.00m
48%
267 Rui Costa AC Milan ACF Fiorentina 01/02 €41.32m
48%
121 Sandro Tonali Newcastle United AC Milan 23/24 €58.90m
48%
291 Micky van de Ven Tottenham Hotspur VfL Wolfsburg 23/24 €40.00m
47%
191 Milos Kerkez Liverpool FC AFC Bournemouth 25/26 €46.90m
47%
104 Pedro Neto Chelsea FC Wolverhampton Wanderers 24/25 €60.00m
47%
89 Christian Pulisic Chelsea FC Borussia Dortmund 18/19 €64.00m
46%
194 Fabinho Al-Ittihad Club Liverpool FC 23/24 €46.70m
46%
215 Fabinho Liverpool FC AS Monaco 18/19 €45.00m
46%
99 Leny Yoro Manchester United LOSC Lille 24/25 €62.00m
46%
95 Luka Jović Real Madrid Eintracht Frankfurt 19/20 €63.00m
46%
100 Matheus Nunes Manchester City Wolverhampton Wanderers 23/24 €62.00m
46%
188 Matheus Nunes Wolverhampton Wanderers Sporting CP 22/23 €47.40m
46%
275 Robert Firmino Liverpool FC TSG 1899 Hoffenheim 15/16 €41.00m
46%
311 Sergio Agüero Manchester City Atlético de Madrid 11/12 €40.00m
46%
344 David Beckham Real Madrid Manchester United 03/04 €37.50m
45%
454 Ronaldinho FC Barcelona Paris Saint-Germain 03/04 €32.25m
45%
61 Thomas Lemar Atlético de Madrid AS Monaco 18/19 €72.00m
45%
39 Arthur Melo Juventus FC FC Barcelona 20/21 €80.60m
44%
253 Cody Gakpo Liverpool FC PSV Eindhoven 22/23 €42.00m
44%
90 Mohammed Kudus Tottenham Hotspur West Ham United 25/26 €63.80m
44%
236 Mohammed Kudus West Ham United Ajax Amsterdam 23/24 €43.00m
44%
356 Wayne Rooney Manchester United Everton FC 04/05 €37.00m
44%
138 Dani Olmo FC Barcelona RB Leipzig 24/25 €55.00m
43%
430 Dani Olmo RB Leipzig GNK Dinamo Zagreb 19/20 €34.20m
43%
224 Diogo Jota Liverpool FC Wolverhampton Wanderers 20/21 €44.70m
43%
203 Estêvão Chelsea FC Sociedade Esportiva Palmeiras 25/26 €34.00m
43%
134 Noni Madueke Arsenal FC Chelsea FC 25/26 €56.00m
43%
395 Noni Madueke Chelsea FC PSV Eindhoven 22/23 €35.00m
43%
125 Richarlison Tottenham Hotspur Everton FC 22/23 €58.00m
43%
317 Richarlison Everton FC Watford FC 18/19 €39.20m
43%
137 Tijjani Reijnders Manchester City AC Milan 25/26 €55.00m
43%
410 Antonio Rüdiger Chelsea FC AS Roma 17/18 €35.00m
42%
186 Endrick Real Madrid Sociedade Esportiva Palmeiras 24/25 €47.50m
42%
122 Ben White Arsenal FC Brighton & Hove Albion 21/22 €58.50m
41%
165 Désiré Doué Paris Saint-Germain Stade Rennais FC 24/25 €50.00m
41%
323 Didier Drogba Chelsea FC Olympique Marseille 04/05 €38.50m
41%
397 Martin Ødegaard Arsenal FC Real Madrid 21/22 €35.00m
41%
105 Nico González Manchester City FC Porto 24/25 €60.00m
41%
274 Paulo Dybala Juventus FC Palermo FC 15/16 €41.00m
41%
239 Radamel Falcao AS Monaco Atlético de Madrid 13/14 €43.00m
41%
312 Radamel Falcao Atlético de Madrid FC Porto 11/12 €40.00m
41%
293 Raphaël Varane Manchester United Real Madrid 21/22 €40.00m
41%
292 Ryan Gravenberch Liverpool FC Bayern Munich 23/24 €40.00m
41%
198 Alejandro Garnacho Chelsea FC Manchester United 25/26 €46.20m
40%
102 Anthony Elanga Newcastle United Nottingham Forest 25/26 €61.40m
40%
116 Anthony Martial Manchester United AS Monaco 15/16 €60.00m
40%
113 Naby Keïta Liverpool FC RB Leipzig 18/19 €60.00m
40%
106 Christopher Nkunku Chelsea FC RB Leipzig 23/24 €60.00m
39%
346 Christopher Nkunku AC Milan Chelsea FC 25/26 €37.00m
39%
226 Federico Chiesa Juventus FC ACF Fiorentina 22/23 €44.60m
39%
120 Fred Manchester United Shakhtar Donetsk 18/19 €59.00m
39%
457 Mikel Merino Arsenal FC Real Sociedad 24/25 €32.00m
39%
103 Moussa Diaby Al-Ittihad Club Aston Villa 24/25 €60.00m
39%
139 Moussa Diaby Aston Villa Bayer 04 Leverkusen 23/24 €55.00m
39%
201 Nathan Aké Manchester City AFC Bournemouth 20/21 €45.30m
39%
155 Cristian Romero Tottenham Hotspur Atalanta BC 22/23 €52.00m
38%
486 Cristian Romero Juventus FC Genoa CFC 19/20 €31.50m
38%
443 Igor Thiago Brentford FC Club Brugge KV 24/25 €33.00m
38%
170 Jules Koundé FC Barcelona Sevilla FC 22/23 €50.00m
38%
405 Jules Koundé Sevilla FC FC Girondins Bordeaux 19/20 €35.00m
38%
107 Manuel Ugarte Paris Saint-Germain Sporting CP 23/24 €60.00m
38%
164 Manuel Ugarte Manchester United Paris Saint-Germain 24/25 €50.00m
38%
359 Rayan Cherki Manchester City Olympique Lyon 25/26 €36.50m
38%
398 Rodrigo de Paul Atlético de Madrid Udinese Calcio 21/22 €35.00m
38%
200 Anthony Gordon Newcastle United Everton FC 22/23 €45.60m
37%
247 Bruno Guimarães Newcastle United Olympique Lyon 21/22 €42.10m
37%
245 Dayot Upamecano Bayern Munich RB Leipzig 21/22 €42.50m
37%
197 James Maddison Tottenham Hotspur Leicester City 23/24 €46.30m
37%
133 Jamie Gittens Chelsea FC Borussia Dortmund 25/26 €56.00m
37%
378 Kiernan Dewsbury-Hall Chelsea FC Leicester City 24/25 €35.40m
37%
206 Riccardo Calafiori Arsenal FC Bologna FC 1909 24/25 €45.00m
37%
210 Bradley Barcola Paris Saint-Germain Olympique Lyon 23/24 €45.00m
36%
141 Brennan Johnson Tottenham Hotspur Nottingham Forest 23/24 €55.00m
36%
318 Donny van de Beek Manchester United Ajax Amsterdam 20/21 €39.00m
36%
217 Granit Xhaka Arsenal FC Borussia Mönchengladbach 16/17 €45.00m
36%
94 Ilya Zabarnyi Paris Saint-Germain AFC Bournemouth 25/26 €63.00m
36%
158 João Palhinha Bayern Munich Fulham FC 24/25 €51.00m
36%
445 Lewis Hall Newcastle United Chelsea FC 24/25 €33.00m
36%
214 Mateo Kovacic Chelsea FC Real Madrid 19/20 €45.00m
36%
335 Mateo Kovacic Real Madrid Inter Milan 15/16 €38.00m
36%
153 Piero Hincapié Arsenal FC Bayer 04 Leverkusen 26/27 €52.00m
36%
199 Rio Ferdinand Manchester United Leeds United 02/03 €46.00m
36%
98 Roméo Lavia Chelsea FC Southampton FC 23/24 €62.10m
36%
427 Xabi Alonso Real Madrid Liverpool FC 09/10 €34.50m
36%
127 Yoane Wissa Newcastle United Brentford FC 25/26 €57.70m
36%
233 Andriy Shevchenko Chelsea FC AC Milan 06/07 €43.88m
35%
340 Danny Drinkwater Chelsea FC Leicester City 17/18 €37.90m
35%
130 Jorginho Chelsea FC SSC Napoli 18/19 €57.00m
35%
244 Joshua Zirkzee Manchester United Bologna FC 1909 24/25 €42.50m
35%
288 Jurrien Timber Arsenal FC Ajax Amsterdam 23/24 €40.00m
35%
354 Mario Götze Bayern Munich Borussia Dortmund 13/14 €37.00m
35%
73 Mateo Retegui Al-Qadsiah FC Atalanta BC 25/26 €68.25m
35%
178 Rafael Leão AC Milan LOSC Lille 19/20 €49.50m
35%
489 Shaun Wright-Phillips Chelsea FC Manchester City 05/06 €31.50m
35%
313 David Villa FC Barcelona Valencia CF 10/11 €40.00m
34%
181 Kalvin Phillips Manchester City Leeds United 22/23 €49.00m
34%
109 Malcom Al-Hilal SFC Zenit St. Petersburg 23/24 €60.00m
34%
265 Malcom Zenit St. Petersburg FC Barcelona 19/20 €41.50m
34%
272 Malcom FC Barcelona FC Girondins Bordeaux 18/19 €41.00m
34%
171 Mauro Icardi Paris Saint-Germain Inter Milan 20/21 €50.00m
34%
101 Tanguy Ndombélé Tottenham Hotspur Olympique Lyon 19/20 €62.00m
34%
284 Willian Pacho Paris Saint-Germain Eintracht Frankfurt 24/25 €40.00m
34%
143 Aaron Wan-Bissaka Manchester United Crystal Palace 19/20 €55.00m
33%
173 Éder Militāo Real Madrid FC Porto 19/20 €50.00m
33%
355 Edin Dzeko Manchester City VfL Wolfsburg 10/11 €37.00m
33%
131 Hernán Crespo SS Lazio Parma Calcio 1913 00/01 €56.81m
33%
314 Hernán Crespo Inter Milan SS Lazio 02/03 €40.00m
33%
151 Aleksandar Mitrović Al-Hilal SFC Fulham FC 23/24 €52.60m
32%
377 Dani Alves FC Barcelona Sevilla FC 08/09 €35.50m
32%
375 Liam Delap Chelsea FC Ipswich Town 25/26 €35.50m
32%
208 Marco Verratti Al-Arabi SC Paris Saint-Germain 23/24 €45.00m
32%
349 Nicolas Jackson Chelsea FC Villarreal CF 23/24 €37.00m
32%
423 Arjen Robben Real Madrid Chelsea FC 07/08 €35.00m
31%
161 Ben Chilwell Chelsea FC Leicester City 20/21 €50.20m
31%
438 Cesc Fàbregas FC Barcelona Arsenal FC 11/12 €34.00m
31%
447 Cesc Fàbregas Chelsea FC FC Barcelona 14/15 €33.00m
31%
479 David Raya Arsenal FC Brentford FC 24/25 €31.90m
31%
306 Fernandinho Manchester City Shakhtar Donetsk 13/14 €40.00m
31%
263 Kalidou Koulibaly Chelsea FC SSC Napoli 22/23 €41.90m
31%
256 Leonardo Bonucci AC Milan Juventus FC 17/18 €42.00m
31%
407 Leonardo Bonucci Juventus FC AC Milan 18/19 €35.00m
31%
362 Lilian Thuram Juventus FC Parma Calcio 1913 01/02 €36.15m
31%
343 Luke Shaw Manchester United Southampton FC 14/15 €37.50m
31%
240 Robinho Manchester City Real Madrid 08/09 €43.00m
31%
376 Willian Chelsea FC Anzhi Makhachkala 13/14 €35.50m
31%
421 Willian Anzhi Makhachkala Shakhtar Donetsk 12/13 €35.00m
31%
316 Arturo Vidal Bayern Munich Juventus FC 15/16 €39.25m
30%
251 Conor Gallagher Atlético de Madrid Chelsea FC 24/25 €42.00m
30%
232 Harvey Barnes Newcastle United Leicester City 23/24 €44.00m
30%
223 Juan Mata Manchester United Chelsea FC 13/14 €44.73m
30%
492 Marquinhos Paris Saint-Germain AS Roma 13/14 €31.40m
30%
381 Mathys Tel Tottenham Hotspur Bayern Munich 25/26 €35.00m
30%
357 Rayan Aït-Nouri Manchester City Wolverhampton Wanderers 25/26 €36.80m
30%
488 Anderson Manchester United FC Porto 07/08 €31.50m
29%
353 André Gomes FC Barcelona Valencia CF 16/17 €37.00m
29%
351 Danilo Juventus FC Manchester City 19/20 €37.00m
29%
487 Danilo Real Madrid FC Porto 15/16 €31.50m
29%
269 Elliot Anderson Nottingham Forest Newcastle United 24/25 €41.20m
29%
331 Felipe Anderson West Ham United SS Lazio 18/19 €38.00m
29%
250 Ivan Toney Al-Ahli SFC Brentford FC 24/25 €42.00m
29%
241 Lucas Paquetá West Ham United Olympique Lyon 22/23 €42.95m
29%
325 Lucas Paquetá AC Milan CR Flamengo 18/19 €38.40m
29%
412 Mats Hummels Bayern Munich Borussia Dortmund 16/17 €35.00m
29%
228 Nicolás Otamendi Manchester City Valencia CF 15/16 €44.50m
29%
254 Paulinho Guangzhou FC FC Barcelona 18/19 €42.00m
29%
305 Paulinho FC Barcelona Guangzhou FC 17/18 €40.00m
29%
172 Thomas Partey Arsenal FC Atlético de Madrid 20/21 €50.00m
29%
162 Álvaro Carreras Real Madrid SL Benfica 25/26 €50.00m
28%
259 Henrikh Mkhitaryan Manchester United Borussia Dortmund 16/17 €42.00m
28%
434 Henrikh Mkhitaryan Arsenal FC Manchester United 17/18 €34.00m
28%
234 Joelinton Newcastle United TSG 1899 Hoffenheim 19/20 €43.50m
28%
393 Oleksandr Zinchenko Arsenal FC Manchester City 22/23 €35.00m
28%
213 Youri Tielemans Leicester City AS Monaco 19/20 €45.00m
28%
286 Abdukodir Khusanov Manchester City RC Lens 24/25 €40.00m
27%
276 Andy Carroll Liverpool FC Newcastle United 10/11 €41.00m
27%
195 Christian Benteke Liverpool FC Aston Villa 15/16 €46.50m
27%
495 Christian Benteke Crystal Palace Liverpool FC 16/17 €31.20m
27%
266 Corentin Tolisso Bayern Munich Olympique Lyon 17/18 €41.50m
27%
334 Eric Bailly Manchester United Villarreal CF 16/17 €38.00m
27%
204 Franco Mastantuono Real Madrid CA River Plate 25/26 €45.00m
27%
295 Hakim Ziyech Chelsea FC Ajax Amsterdam 20/21 €40.00m
27%
243 Juan Sebastián Verón Manchester United SS Lazio 01/02 €42.60m
27%
238 Julian Draxler VfL Wolfsburg FC Schalke 04 15/16 €43.00m
27%
367 Julian Draxler Paris Saint-Germain VfL Wolfsburg 16/17 €36.00m
27%
431 Ollie Watkins Aston Villa Brentford FC 20/21 €34.00m
27%
458 Santiago Gimenez AC Milan Feyenoord Rotterdam 24/25 €32.00m
27%
174 Sébastien Haller West Ham United Eintracht Frankfurt 19/20 €50.00m
27%
124 Teun Koopmeiners Juventus FC Atalanta BC 24/25 €58.40m
27%
414 Renato Sanches Bayern Munich SL Benfica 16/17 €35.00m
26%
209 Axel Disasi Chelsea FC AS Monaco 23/24 €45.00m
25%
403 Benjamin Pavard Bayern Munich VfB Stuttgart 19/20 €35.00m
25%
491 Benjamin Pavard Inter Milan Bayern Munich 23/24 €31.40m
25%
361 Filippo Inzaghi AC Milan Juventus FC 01/02 €36.15m
25%
230 Jorrel Hato Chelsea FC Ajax Amsterdam 25/26 €44.18m
25%
437 Memphis Depay Manchester United PSV Eindhoven 15/16 €34.00m
25%
289 Pedro Porro Tottenham Hotspur Sporting CP 23/24 €40.00m
25%
287 Sergej Milinković-Savić Al-Hilal SFC SS Lazio 23/24 €40.00m
25%
332 Alex Oxlade-Chamberlain Liverpool FC Arsenal FC 17/18 €38.00m
24%
327 Benoît Badiashile Chelsea FC AS Monaco 22/23 €38.00m
24%
308 Lucas Moura Paris Saint-Germain São Paulo Futebol Clube 12/13 €40.00m
24%
225 Nemanja Matic Manchester United Chelsea FC 17/18 €44.70m
24%
424 Nicolas Anelka Real Madrid Arsenal FC 99/00 €35.00m
24%
428 Nicolas Anelka Paris Saint-Germain Real Madrid 00/01 €34.50m
24%
221 Pavel Nedved Juventus FC SS Lazio 01/02 €45.00m
24%
369 Ander Herrera Manchester United Athletic Bilbao 14/15 €36.00m
23%
192 Bremer Juventus FC Torino FC 22/23 €46.90m
23%
319 Dejan Kulusevski Juventus FC Atalanta BC 19/20 €39.00m
23%
202 Jacob Ramsey Newcastle United Aston Villa 25/26 €45.15m
23%
262 Javier Pastore Paris Saint-Germain Palermo FC 11/12 €42.00m
23%
337 Dimitar Berbatov Manchester United Tottenham Hotspur 08/09 €38.00m
22%
218 Eliaquim Mangala Manchester City FC Porto 14/15 €45.00m
22%
180 Gylfi Sigurdsson Everton FC Swansea City 17/18 €49.40m
22%
271 Tammy Abraham AS Roma Chelsea FC 21/22 €41.00m
22%
304 Tiemoué Bakayoko Chelsea FC AS Monaco 17/18 €40.00m
22%
268 Archie Gray Tottenham Hotspur Leeds United 24/25 €41.25m
21%
196 Christian Vieri Inter Milan SS Lazio 99/00 €46.48m
21%
500 Diego Carlos Aston Villa Sevilla FC 22/23 €31.00m
21%
193 Georginio Rutter Brighton & Hove Albion Leeds United 24/25 €46.70m
21%
278 Georginio Rutter Leeds United TSG 1899 Hoffenheim 22/23 €40.50m
21%
494 James Trafford Manchester City Burnley FC 25/26 €31.20m
21%
290 Loïs Openda RB Leipzig RC Lens 23/24 €40.00m
21%
387 Malick Thiaw Newcastle United AC Milan 25/26 €35.00m
21%
373 Nélson Semedo FC Barcelona SL Benfica 17/18 €35.70m
21%
465 Nélson Semedo Wolverhampton Wanderers FC Barcelona 20/21 €32.00m
21%
451 Nicolò Barella Inter Milan Cagliari Calcio 20/21 €32.50m
21%
108 Otávio Al-Nassr FC FC Porto 23/24 €60.00m
21%
175 Hirving Lozano SSC Napoli PSV Eindhoven 19/20 €50.00m
20%
464 Leon Bailey Aston Villa Bayer 04 Leverkusen 21/22 €32.00m
20%
281 Lucas Chevalier Paris Saint-Germain LOSC Lille 25/26 €40.00m
20%
187 Max Kilman West Ham United Wolverhampton Wanderers 24/25 €47.50m
20%
435 Milan Skriniar Inter Milan UC Sampdoria 17/18 €34.00m
20%
394 Fábio Vieira Arsenal FC FC Porto 22/23 €35.00m
19%
380 Fikayo Tomori AC Milan Chelsea FC 21/22 €35.30m
19%
159 Geovany Quenda Chelsea FC Sporting CP 26/27 €50.78m
19%
452 Marouane Fellaini Manchester United Everton FC 13/14 €32.40m
19%
329 Raúl Jiménez Wolverhampton Wanderers SL Benfica 19/20 €38.00m
19%
273 Shkodran Mustafi Arsenal FC Valencia CF 16/17 €41.00m
19%
350 Sven Botman Newcastle United LOSC Lille 22/23 €37.00m
19%
496 Alessandro Bastoni Inter Milan Atalanta BC 17/18 €31.10m
18%
310 Axel Witsel Zenit St. Petersburg SL Benfica 12/13 €40.00m
18%
363 Gabriel Batistuta AS Roma ACF Fiorentina 00/01 €36.15m
18%
322 Gianluca Scamacca West Ham United US Sassuolo 22/23 €38.60m
18%
300 Leandro Paredes Paris Saint-Germain Zenit St. Petersburg 18/19 €40.00m
18%
360 Manuel Locatelli Juventus FC US Sassuolo 23/24 €36.40m
18%
339 Michael Essien Chelsea FC Olympique Lyon 05/06 €38.00m
18%
476 André Schürrle VfL Wolfsburg Chelsea FC 14/15 €32.00m
17%
324 Emiliano Buendía Aston Villa Norwich City 21/22 €38.40m
17%
299 Gonçalo Guedes Valencia CF Paris Saint-Germain 18/19 €40.00m
17%
450 Gonçalo Guedes Wolverhampton Wanderers Valencia CF 22/23 €32.60m
17%
386 Jarell Quansah Bayer 04 Leverkusen Liverpool FC 25/26 €35.00m
17%
235 Omari Hutchinson Nottingham Forest Ipswich Town 25/26 €43.40m
17%
297 Wissam Ben Yedder AS Monaco Sevilla FC 19/20 €40.00m
17%
467 Abdou Diallo Paris Saint-Germain Borussia Dortmund 19/20 €32.00m
16%
248 Álex Baena Atlético de Madrid Villarreal CF 25/26 €42.00m
16%
436 Arda Turan FC Barcelona Atlético de Madrid 15/16 €34.00m
16%
342 Charles De Ketelaere AC Milan Club Brugge KV 22/23 €37.50m
16%
481 Emile Smith Rowe Fulham FC Arsenal FC 24/25 €31.80m
16%
499 Giovanni Leoni Liverpool FC Parma Calcio 1913 25/26 €31.00m
16%
227 Ian Maatsen Aston Villa Chelsea FC 24/25 €44.50m
16%
282 Jean-Clair Todibo West Ham United OGC Nice 25/26 €40.00m
16%
222 João Mário Inter Milan Sporting CP 16/17 €44.78m
16%
345 Tino Livramento Newcastle United Southampton FC 23/24 €37.20m
16%
411 Victor Lindelöf Manchester United SL Benfica 17/18 €35.00m
16%
255 Patrik Schick AS Roma UC Sampdoria 18/19 €42.00m
15%
453 Wilfried Bony Manchester City Swansea City 14/15 €32.30m
15%
461 Alexander Sørloth Atlético de Madrid Villarreal CF 24/25 €32.00m
14%
440 Ayoze Pérez Leicester City Newcastle United 19/20 €33.40m
14%
370 Clément Lenglet FC Barcelona Sevilla FC 18/19 €35.90m
14%
347 Evanilson AFC Bournemouth FC Porto 24/25 €37.00m
14%
185 Gaizka Mendieta SS Lazio Valencia CF 01/02 €48.00m
14%
466 Giovani Lo Celso Tottenham Hotspur Real Betis Balompié 20/21 €32.00m
14%
418 Morgan Schneiderlin Manchester United Southampton FC 15/16 €35.00m
14%
352 Thilo Kehrer Paris Saint-Germain FC Schalke 04 18/19 €37.00m
14%
348 Vitor Reis Manchester City Sociedade Esportiva Palmeiras 24/25 €37.00m
14%
177 Alex Teixeira Jiangsu FC Shakhtar Donetsk 15/16 €50.00m
13%
242 Dango Ouattara Brentford FC AFC Bournemouth 25/26 €42.80m
13%
483 Habib Diarra Sunderland AFC RC Strasbourg Alsace 25/26 €31.50m
13%
425 James Ward-Prowse West Ham United Southampton FC 23/24 €34.80m
13%
277 Tyler Dibling Everton FC Southampton FC 25/26 €40.50m
13%
249 Dan Ndoye Nottingham Forest Bologna FC 1909 25/26 €42.00m
12%
301 Federico Bernardeschi Juventus FC ACF Fiorentina 17/18 €40.00m
12%
283 Kevin Fulham FC Shakhtar Donetsk 25/26 €40.00m
12%
399 Kurt Zouma West Ham United Chelsea FC 21/22 €35.00m
12%
382 Malik Tillman Bayer 04 Leverkusen PSV Eindhoven 25/26 €35.00m
12%
320 Michy Batshuayi Chelsea FC Olympique Marseille 16/17 €39.00m
12%
415 Moussa Sissoko Tottenham Hotspur Newcastle United 16/17 €35.00m
12%
493 Steven Bergwijn Ajax Amsterdam Tottenham Hotspur 22/23 €31.25m
12%
371 Javier Saviola FC Barcelona CA River Plate 01/02 €35.90m
11%
385 Mohamed Simakan Al-Nassr FC RB Leipzig 25/26 €35.00m
11%
426 Robin Le Normand Atlético de Madrid Real Sociedad 24/25 €34.50m
11%
474 Arkadiusz Milik SSC Napoli Ajax Amsterdam 16/17 €32.00m
10%
441 Carlos Bacca AC Milan Sevilla FC 15/16 €33.30m
10%
468 Franck Kessié AC Milan Atalanta BC 19/20 €32.00m
10%
166 Galeno Al-Ahli SFC FC Porto 24/25 €50.00m
10%
330 Radja Nainggolan Inter Milan AS Roma 18/19 €38.00m
10%
302 Cédric Bakambu Beijing Guoan Villarreal CF 17/18 €40.00m
9%
455 Francisco Conceição Juventus FC FC Porto 25/26 €32.00m
9%
368 Geoffrey Kondogbia Inter Milan AS Monaco 15/16 €36.00m
9%
366 Konstantinos Manolas SSC Napoli AS Roma 19/20 €36.00m
9%
409 Krzysztof Piatek AC Milan Genoa CFC 18/19 €35.00m
9%
390 Yankuba Minteh Brighton & Hove Albion Newcastle United 24/25 €35.00m
9%
364 Ardon Jashari AC Milan Club Brugge KV 25/26 €36.00m
8%
449 Brenden Aaronson Leeds United Red Bull Salzburg 22/23 €32.84m
8%
490 Davide Frattesi Inter Milan US Sassuolo 24/25 €31.40m
8%
404 Jasper Cillessen Valencia CF FC Barcelona 19/20 €35.00m
8%
472 Kévin Gameiro Atlético de Madrid Sevilla FC 16/17 €32.00m
8%
389 Alessandro Buongiorno SSC Napoli Torino FC 24/25 €35.00m
7%
470 Álvaro Odriozola Real Madrid Real Sociedad 18/19 €32.00m
7%
383 Bafodé Diakité AFC Bournemouth LOSC Lille 25/26 €35.00m
7%
484 Brajan Gruda Brighton & Hove Albion 1.FSV Mainz 05 24/25 €31.50m
7%
498 Georges Mikautadze Villarreal CF Olympique Lyon 25/26 €31.00m
7%
391 Ibrahim Sangaré Nottingham Forest PSV Eindhoven 23/24 €35.00m
7%
285 Marcos Leonardo Al-Hilal SFC SL Benfica 24/25 €40.00m
6%
341 Mattia Caldara AC Milan Juventus FC 18/19 €37.74m
6%
497 Sam Beukema SSC Napoli Bologna FC 1909 25/26 €31.00m
6%
374 Vitolo Atlético de Madrid Sevilla FC 17/18 €35.60m
6%
388 Charalampos Kostoulas Brighton & Hove Albion Olympiacos Piraeus 25/26 €35.00m
5%
456 Eliesse Ben Seghir Bayer 04 Leverkusen AS Monaco 25/26 €32.00m
5%
469 Kerem Demirbay Bayer 04 Leverkusen TSG 1899 Hoffenheim 19/20 €32.00m
5%
444 Luiz Henrique Zenit St. Petersburg Botafogo de Futebol e Regatas 24/25 €33.00m
5%
460 Mats Wieffer Brighton & Hove Albion Feyenoord Rotterdam 24/25 €32.00m
5%
396 Nayef Aguerd West Ham United Stade Rennais FC 22/23 €35.00m
5%
384 Dilane Bakwa Nottingham Forest RC Strasbourg Alsace 25/26 €35.00m
4%
480 Moussa Niakhaté Olympique Lyon Nottingham Forest 24/25 €31.90m
4%
459 Samu Aghehowa FC Porto Atlético de Madrid 24/25 €32.00m
4%
408 Shoya Nakajima Al-Duhail SC Portimonense SC 18/19 €35.00m
4%
442 Uğurcan Çakır Galatasaray Trabzonspor 25/26 €33.00m
3%
477 Asier Illarranmendi Real Madrid Real Sociedad 13/14 €32.00m
2%
No matching quizzes found
Score Distribution
Percent of People with Each Score
Percentile by Number Answered
Your Score History
You have not taken this quiz since the last reset